| 000 | 00961nam a2200277 a 4500 | ||
|---|---|---|---|
| 001 | 00736278 | ||
| 003 | PILC | ||
| 005 | 20150112093435.0 | ||
| 008 | 960708s1994 enkab 000 0 eng d | ||
| 020 | _a0194513084 | ||
| 040 |
_aCUHK _cCUHK |
||
| 050 |
_aPE 1116.R47 _b.H37 1997 |
||
| 082 |
_aHSF 647.95 _bH21 1994 |
||
| 090 |
_aPE1116.R47 _bH37 1994 |
||
| 100 | 1 |
_aHarding, Keith. _915965 |
|
| 245 | 1 | 0 |
_aHigh season : _bEnglish for the hotel and tourist industry / _cKeith Harding & Paul Henderson. |
| 260 |
_aOxford ; _aHong Kong : _bOxford University Press, _c1997. |
||
| 300 |
_a176 pages : _bcol. ill., col. maps ; _c28 cm. |
||
| 650 | 0 |
_aEnglish language _xConversation and phrase books (for restaurant and hotel personnel) _915966 |
|
| 650 | 0 |
_aEnglish language _xBusiness English. _915967 |
|
| 650 | 0 |
_aHotel management. _911048 |
|
| 650 | 0 |
_aTourism. _911065 |
|
| 700 | 1 |
_aHenderson, Paul. _915968 |
|
| 910 | _a960709/w/o;cmw,cmw | ||
| 942 |
_2lcc _cBK |
||
| 999 |
_c14552 _d14552 |
||